[Event "DSJ Weihnachtsturnier U20 2020"]
[Site "https://play.chessbase.com/en/play?room=DSJWeihnachtU20"]
[Date "2020.12.29"]
[Round "7"]
[White "Lohmann, Dominik"]
[Black "Krumm, Arthur"]
[Result "1-0"]
[Termination "normal"]
[Board "14.2"]
[WhiteElo "1786"]
[BlackElo "1667"]
[WhiteTeam "VfL Leipheim 1898"]
[BlackTeam "SGem Aschheim/Feldkirchen/Kirchheim"]
[PlyCount "161"]
[WhiteFideId "16281527"]
[BlackFideId "34607811"]
[EventRounds "7"]
[EventType "team-swiss"]
[EventDate "2020.12.29"]

1. e4 {[%emt 0:00:09]} e6 {[%emt 0:00:03]} 2. d4 {[%emt 0:00:23]} d5 {[%emt
0:00:01]} 3. exd5 {[%emt 0:00:02]} exd5 {[%emt 0:00:00]} 4. Bd3 {[%emt
0:00:03]} c5 {[%emt 0:00:11]} 5. c3 {[%emt 0:00:04]} Nc6 {[%emt 0:00:04]} 6.
Nf3 { [%emt 0:00:03]} Bg4 {[%emt 0:00:11]} 7. Qe2+ {[%emt 0:00:08]} Qe7 {[%emt
0:00:10]} 8. Qxe7+ {[%emt 0:00:17]} Bxe7 {[%emt 0:00:04]} 9. Ne5 {[%emt
0:00:16]} Nxe5 {[%emt 0:00:22]} 10. dxe5 {[%emt 0:00:00]} c4 {[%emt 0:00:18]}
11. Bc2 { [%emt 0:00:09]} O-O-O {[%emt 0:00:20]} 12. Be3 {[%emt 0:00:23]} Kb8
{[%emt 0:00:17]} 13. Nd2 {[%emt 0:00:25]} b6 {[%emt 0:00:29]} 14. f4 {[%emt
0:00:32]} Nh6 {[%emt 0:00:08]} 15. O-O {[%emt 0:00:23]} Bf5 {[%emt 0:00:10]}
16. Bxf5 { [%emt 0:00:15]} Nxf5 {[%emt 0:00:00]} 17. Bf2 {[%emt 0:00:11]} g6
{[%emt 0:00:14]} 18. Nf3 {[%emt 0:00:09]} h5 {[%emt 0:00:08]} 19. Rad1 {[%emt
0:00:08]} h4 {[%emt 0:00:17]} 20. Rd2 {[%emt 0:00:21]} Kc7 {[%emt 0:00:08]} 21.
Rfd1 { [%emt 0:00:13]} Kc6 {[%emt 0:00:03]} 22. Nd4+ {[%emt 0:00:13]} Nxd4
{[%emt 0:00:06]} 23. Bxd4 {[%emt 0:00:24]} Rh7 {[%emt 0:00:12]} 24. Bf2 {[%emt
0:00:23]} h3 {[%emt 0:00:28]} 25. gxh3 {[%emt 0:00:26]} Rxh3 {[%emt 0:00:17]}
26. Kg2 { [%emt 0:00:03]} Rdh8 {[%emt 0:00:04]} 27. Bg3 {[%emt 0:00:09]} R3h5
{[%emt 0:02:52]} 28. Rxd5 {[%emt 0:00:11] Aschhm1-002 reconnected.} Bc5 {[%emt
0:00:38]} 29. Rd7 {[%emt 0:00:17]} g5 {[%emt 0:00:24]} 30. Rxf7 {[%emt
0:00:16]} gxf4 { [%emt 0:00:05]} 31. Rxf4 {[%emt 0:00:07]} Re8 {[%emt 0:00:15]}
32. Rf6+ { [%emt 0:00:05]} Kb5 {[%emt 0:00:03]} 33. b3 {[%emt 0:00:36]} a5
{[%emt 0:00:21] } 34. a4+ {[%emt 0:00:29]} Ka6 {[%emt 0:00:04]} 35. bxc4 {[%emt
0:00:05]} Be7 { [%emt 0:00:17]} 36. Re6 {[%emt 0:00:11]} Rhh8 {[%emt 0:00:13]}
37. Rd7 { [%emt 0:00:08]} Bc5 {[%emt 0:00:04]} 38. Rxe8 {[%emt 0:00:06]} Rxe8
{[%emt 0:00:00]} 39. Rd5 {[%emt 0:00:11]} Re6 {[%emt 0:00:06]} 40. Bf2 {[%emt
0:00:08]} Rg6+ {[%emt 0:00:06]} 41. Bg3 {[%emt 0:00:09]} Re6 {[%emt 0:00:03]
Aschhm1-002 offers a draw} 42. Rd7 {[%emt 0:00:23]} Rg6 {[%emt 0:00:08]} 43.
Rd8 {[%emt 0:00:11]} Kb7 {[%emt 0:00:04]} 44. Rh8 {[%emt 0:00:10]} Kc6 {[%emt
0:00:07]} 45. Kf3 {[%emt 0:00:23]} Rg7 {[%emt 0:00:05]} 46. Rh6+ {[%emt
0:00:03]} Kd7 { [%emt 0:00:06]} 47. Ke4 {[%emt 0:00:02]} Rg4+ {[%emt 0:00:03]}
48. Kd5 { [%emt 0:00:13]} Rg5 {[%emt 0:00:05]} 49. Rh7+ {[%emt 0:00:03]} Ke8
{[%emt 0:00:03]} 50. Kc6 {[%emt 0:00:12]} Rg6+ {[%emt 0:00:01]} 51. Kb5 {[%emt
0:00:07]} Kf8 {[%emt 0:00:12]} 52. Rc7 {[%emt 0:00:12]} Bg1 {[%emt 0:00:17]}
53. Rc6 { [%emt 0:00:11]} Rg5 {[%emt 0:00:10]} 54. Rxb6 {[%emt 0:00:09]} Bxb6
{[%emt 0:00:03]} 55. Kxb6 {[%emt 0:00:00]} Ke7 {[%emt 0:00:01]} 56. Kxa5 {[%emt
0:00:01] } Kd7 {[%emt 0:00:01]} 57. Kb6 {[%emt 0:00:01]} Rg6+ {[%emt 0:00:01]}
58. Kc5 { [%emt 0:00:02]} Kc7 {[%emt 0:00:01]} 59. a5 {[%emt 0:00:03]} Rc6+
{[%emt 0:00:01]} 60. Kb5 {[%emt 0:00:01]} Re6 {[%emt 0:00:02]} 61. c5 {[%emt
0:00:03]} Rg6 {[%emt 0:00:02]} 62. a6 {[%emt 0:00:04]} Re6 {[%emt 0:00:04]} 63.
c4 {[%emt 0:00:08]} Rg6 {[%emt 0:00:01]} 64. a7 {[%emt 0:00:09]} Kb7 {[%emt
0:00:01]} 65. c6+ {[%emt 0:00:04]} Kxa7 {[%emt 0:00:03]} 66. Kc5 {[%emt
0:00:02]} Kb8 { [%emt 0:00:03]} 67. Kd5 {[%emt 0:00:02]} Kc7 {[%emt 0:00:02]}
68. c5 {[%emt 0:00:01]} Rxc6 {[%emt 0:00:02]} 69. e6+ {[%emt 0:00:01]} Kb7
{[%emt 0:00:02]} 70. e7 {[%emt 0:00:01]} Rc8 {[%emt 0:00:05]} 71. Kd6 {[%emt
0:00:01]} Rc6+ { [%emt 0:00:01]} 72. Kd7 {[%emt 0:00:01]} Rxc5 {[%emt 0:00:04]}
73. e8=Q { [%emt 0:00:01]} Rd5+ {[%emt 0:00:01]} 74. Ke7 {[%emt 0:00:02]} Ka6
{[%emt 0:00:04]} 75. Qc6+ {[%emt 0:00:01]} Ka7 {[%emt 0:00:02]} 76. Qxd5 {[%emt
0:00:00]} Kb6 {[%emt 0:00:01]} 77. Qc4 {[%emt 0:00:01]} Ka7 {[%emt 0:00:01]}
78. Qb5 { [%emt 0:00:04]} Ka8 {[%emt 0:00:01]} 79. Kd7 {[%emt 0:00:01]} Ka7
{[%emt 0:00:00]} 80. Kc7 {[%emt 0:00:01]} Ka8 {[%emt 0:00:00]} 81. Qb7# {[%emt
0:00:01]} 1-0

[Event "DSJ Weihnachtsturnier U20 2020"]
[Site "https://play.chessbase.com/en/play?room=DSJWeihnachtU20"]
[Date "2020.12.29"]
[Round "7"]
[White "Biedenbach, Daniel"]
[Black "El Sewisy, Aiman"]
[Result "1-0"]
[Termination "normal"]
[Board "14.4"]
[WhiteElo "1610"]
[BlackElo "893"]
[WhiteTeam "VfL Leipheim 1898"]
[BlackTeam "SGem Aschheim/Feldkirchen/Kirchheim"]
[PlyCount "117"]
[WhiteFideId "16281489"]
[BlackFideId "34607803"]
[EventRounds "7"]
[EventType "team-swiss"]
[EventDate "2020.12.29"]

1. e4 {[%emt 0:00:17]} c5 {[%emt 0:00:21]} 2. c3 {[%emt 0:00:03]} Nc6 {[%emt
0:00:05]} 3. Nf3 {[%emt 0:00:03]} g6 {[%emt 0:00:18]} 4. d4 {[%emt 0:00:06]}
cxd4 {[%emt 0:00:02]} 5. Nxd4 {[%emt 0:00:08]} Bg7 {[%emt 0:00:10]} 6. Be3
{[%emt 0:00:01]} Nf6 {[%emt 0:00:09]} 7. Nd2 {[%emt 0:00:06]} O-O {[%emt
0:00:06]} 8. f3 {[%emt 0:00:08]} d5 {[%emt 0:00:10]} 9. Bd3 {[%emt 0:00:15]}
dxe4 {[%emt 0:00:09]} 10. Nxe4 {[%emt 0:00:07]} Qb6 {[%emt 0:00:23]} 11. Qd2
{[%emt 0:00:30]} Nxe4 {[%emt 0:00:17]} 12. Bxe4 {[%emt 0:00:08]} Qa6 {[%emt
0:00:38]} 13. Nxc6 { [%emt 0:00:20]} bxc6 {[%emt 0:00:03]} 14. Qe2 {[%emt
0:00:14]} Qxe2+ {[%emt 0:00:26]} 15. Kxe2 {[%emt 0:00:04]} Ba6+ {[%emt
0:00:05]} 16. Kf2 {[%emt 0:00:04] } Rab8 {[%emt 0:00:09]} 17. b3 {[%emt
0:00:10]} Bxc3 {[%emt 0:00:53]} 18. Rac1 {[%emt 0:00:26]} Ba5 {[%emt 0:00:32]}
19. Rxc6 {[%emt 0:00:27]} Bb7 {[%emt 0:00:37]} 20. Rc4 {[%emt 0:00:29]} Bxe4
{[%emt 0:00:28]} 21. Rxe4 {[%emt 0:00:06] } Rb7 {[%emt 0:00:04]} 22. Rc1 {[%emt
0:00:16]} f5 {[%emt 0:00:29]} 23. Re6 { [%emt 0:00:07]} f4 {[%emt 0:00:40]} 24.
Bc5 {[%emt 0:00:13]} Rc8 {[%emt 0:00:22]} 25. Rc4 {[%emt 0:00:12]} Kf7 {[%emt
0:00:33]} 26. Ra6 {[%emt 0:00:11]} g5 {[%emt 0:00:46]} 27. Rxa5 {[%emt
0:00:19]} Rd7 {[%emt 0:00:15]} 28. Rxa7 { [%emt 0:00:37]} Rd2+ {[%emt 0:00:37]}
29. Ke1 {[%emt 0:00:03]} Rcd8 {[%emt 0:00:03]} 30. Rxe7+ {[%emt 0:00:12]} Kg8
{[%emt 0:00:08]} 31. Rc1 {[%emt 0:00:08] } Rxa2 {[%emt 0:00:06]} 32. Re2 {[%emt
0:00:23]} Ra5 {[%emt 0:00:18]} 33. b4 { [%emt 0:00:03]} Rb5 {[%emt 0:00:02]}
34. Rd1 {[%emt 0:00:06]} Ra8 {[%emt 0:00:26]} 35. Kf2 {[%emt 0:00:08]} Rb7
{[%emt 0:00:05]} 36. Rd5 {[%emt 0:00:07]} Rg7 {[%emt 0:00:03]} 37. Bd4 {[%emt
0:00:06]} Rg6 {[%emt 0:00:02]} 38. b5 {[%emt 0:00:02]} Rb8 {[%emt 0:00:03]} 39.
b6 {[%emt 0:00:02]} Kf7 {[%emt 0:00:02]} 40. Rd7+ {[%emt 0:00:05]} Kg8 {[%emt
0:00:05]} 41. b7 {[%emt 0:00:07]} Rf8 { [%emt 0:00:05]} 42. Ree7 {[%emt
0:00:03]} h6 {[%emt 0:00:04]} 43. Rg7+ { [%emt 0:00:04]} Rxg7 {[%emt 0:00:01]}
44. Rxg7+ {[%emt 0:00:01]} Kh8 {[%emt 0:00:01]} 45. b8=Q {[%emt 0:00:06]} Rxb8
{[%emt 0:00:04]} 46. Rb7+ {[%emt 0:00:01]} Kg8 {[%emt 0:00:01]} 47. Rxb8+
{[%emt 0:00:00]} Kf7 {[%emt 0:00:01]} 48. Rb6 {[%emt 0:00:01]} Ke7 {[%emt
0:00:01]} 49. Rxh6 {[%emt 0:00:01]} Kf7 { [%emt 0:00:01]} 50. h4 {[%emt
0:00:04]} gxh4 {[%emt 0:00:01]} 51. Rxh4 { [%emt 0:00:01]} Kg6 {[%emt 0:00:01]}
52. Rxf4 {[%emt 0:00:02]} Kh5 {[%emt 0:00:06]} 53. Rg4 {[%emt 0:00:03]} Kh6
{[%emt 0:00:02]} 54. Ke3 {[%emt 0:00:04]} Kh5 {[%emt 0:00:02]} 55. Kf4 {[%emt
0:00:02]} Kh6 {[%emt 0:00:01]} 56. Kf5 { [%emt 0:00:01]} Kh5 {[%emt 0:00:01]}
57. Rg3 {[%emt 0:00:07]} Kh4 {[%emt 0:00:03]} 58. Bf2 {[%emt 0:00:04]} Kh5
{[%emt 0:00:01]} 59. Rh3# {[%emt 0:00:01]} 1-0

[Event "DSJ Weihnachtsturnier U20 2020"]
[Site "https://play.chessbase.com/en/play?room=DSJWeihnachtU20"]
[Date "2020.12.29"]
[Round "7"]
[White "Sinnhöfer, Jonas"]
[Black "Schlangenotto, Niklas"]
[Result "0-1"]
[Termination "time forfeit"]
[Board "15.1"]
[WhiteElo "1919"]
[BlackElo "2008"]
[WhiteTeam "Delmenhorster SK V 1931"]
[BlackTeam "SK Blauer Springer Paderborn 1926"]
[PlyCount "114"]
[WhiteFideId "12982938"]
[BlackFideId "16217560"]
[EventRounds "7"]
[EventType "team-swiss"]
[EventDate "2020.12.29"]

1. e4 {[%emt 0:00:20]} Nc6 {[%emt 0:00:04]} 2. Nc3 { [%emt 0:00:10]} e6 {[%emt
0:00:02]} 3. Nf3 {[%emt 0:00:03]} d5 {[%emt 0:00:03]} 4. exd5 {[%emt 0:00:02]}
exd5 {[%emt 0:00:00]} 5. d4 {[%emt 0:00:02]} Bb4 { [%emt 0:00:16]} 6. Bd3
{[%emt 0:00:05]} Nge7 {[%emt 0:00:04]} 7. O-O {[%emt 0:00:03]} O-O {[%emt
0:00:18]} 8. a3 {[%emt 0:00:02]} Bxc3 {[%emt 0:00:01]} 9. bxc3 {[%emt 0:00:02]}
f6 {[%emt 0:00:16]} 10. Re1 {[%emt 0:00:08]} Bg4 { [%emt 0:00:09]} 11. h3
{[%emt 0:00:11]} Bh5 {[%emt 0:00:01]} 12. Qe2 {[%emt 0:00:05]} Re8 {[%emt
0:00:13]} 13. g4 {[%emt 0:00:04]} Bg6 {[%emt 0:00:11]} 14. Bxg6 {[%emt
0:00:03]} Nxg6 {[%emt 0:00:03]} 15. Qd3 {[%emt 0:00:01]} Rxe1+ { [%emt
0:00:09]} 16. Nxe1 {[%emt 0:00:02]} Qd6 {[%emt 0:00:01]} 17. Qg3 { [%emt
0:00:08]} Qxg3+ {[%emt 0:00:25]} 18. fxg3 {[%emt 0:00:00]} Na5 {[%emt 0:00:11]}
19. Kf2 {[%emt 0:00:03] Paderb1-001 reconnected.} Nc4 {[%emt 0:00:04]} 20. Nd3
{[%emt 0:00:02]} Re8 {[%emt 0:00:06]} 21. Nf4 {[%emt 0:00:03]} c6 { [%emt
0:00:06]} 22. Rb1 {[%emt 0:00:06]} b6 {[%emt 0:00:05]} 23. a4 {[%emt 0:00:03]}
Re4 {[%emt 0:00:17]} 24. h4 {[%emt 0:00:38]} Kf7 {[%emt 0:00:09]} 25. h5 {[%emt
0:00:04]} Nf8 {[%emt 0:00:17]} 26. Ra1 {[%emt 0:00:05]} Ne6 {[%emt 0:00:04]}
27. a5 {[%emt 0:00:08]} Nxa5 {[%emt 0:00:12]} 28. Nxe6 {[%emt 0:00:13]} Kxe6
{[%emt 0:00:00]} 29. Bf4 {[%emt 0:00:01]} Kf7 {[%emt 0:01:15]} 30. Bd6 { [%emt
0:00:16]} Rxg4 {[%emt 0:01:32]} 31. Bb4 {[%emt 0:00:04]} Nc4 {[%emt 0:00:11]}
32. Rxa7+ {[%emt 0:00:05]} Ke6 {[%emt 0:00:09]} 33. Rc7 {[%emt 0:00:05]} Kf5
{[%emt 0:00:30]} 34. Rxc6 {[%emt 0:00:09]} Nd2 {[%emt 0:00:12]} 35. Rxb6 {
[%emt 0:00:07]} Ne4+ {[%emt 0:00:02]} 36. Kf1 {[%emt 0:00:10]} Rxg3 {[%emt
0:00:40]} 37. Rb5 {[%emt 0:00:07]} Ke6 {[%emt 0:00:27]} 38. Rb6+ {[%emt
0:00:12]} Kf7 {[%emt 0:00:08]} 39. Rb7+ {[%emt 0:00:03]} Ke6 {[%emt 0:00:03]}
40. Re7+ { [%emt 0:00:03]} Kf5 {[%emt 0:00:03]} 41. Rd7 {[%emt 0:00:03]
Delmen1-001 offers a draw} Nxc3 {[%emt 0:00:26]} 42. Bxc3 {[%emt 0:00:04]} Rxc3
{[%emt 0:00:00]} 43. Rxd5+ {[%emt 0:00:02]} Kg4 {[%emt 0:00:06]} 44. Rd7 {[%emt
0:00:16] } g5 {[%emt 0:00:14]} 45. Rxh7 {[%emt 0:00:06]} Rxc2 {[%emt 0:00:02]}
46. h6 { [%emt 0:00:10]} Kf3 {[%emt 0:00:03]} 47. Ke1 {[%emt 0:00:10]} f5
{[%emt 0:00:07] Paderb1-001 reconnected.} 48. Re7 {[%emt 0:00:05] Paderb1-001
offers a draw } g4 {[%emt 0:00:11]} 49. h7 {[%emt 0:00:03]} Rh2 {[%emt
0:00:01]} 50. d5 { [%emt 0:00:08]} g3 {[%emt 0:00:02]} 51. d6 {[%emt 0:00:04]}
g2 {[%emt 0:00:07]} 52. Rg7 {[%emt 0:00:02] Paderb1-001 reconnected.} Rxh7
{[%emt 0:00:20]} 53. d7 {[%emt 0:00:41]} Rxg7 {[%emt 0:00:03]} 54. d8=Q {[%emt
0:00:03]} g1=Q+ { [%emt 0:00:01]} 55. Kd2 {[%emt 0:00:01]} Qe3+ {[%emt
0:00:02]} 56. Kc2 { [%emt 0:00:04]} Rg2+ {[%emt 0:00:01]} 57. Kb1 {[%emt
0:00:04]} Qe1+ {[%emt 0:00:02] Paderb1-001 reconnected. Paderb1-001
reconnected. Paderb1-001 reconnected. Paderb1-001 reconnected. Paderb1-001
reconnected. Delmen1-001 reconnected. TimeW} 0-1

[Event "DSJ Weihnachtsturnier U20 2020"]
[Site "https://play.chessbase.com/en/play?room=DSJWeihnachtU20"]
[Date "2020.12.29"]
[Round "7"]
[White "Brockhoff, Moritz"]
[Black "Sinnhöfer, Joshua"]
[Result "1-0"]
[Termination "normal"]
[Board "15.2"]
[WhiteElo "1985"]
[BlackElo "1712"]
[WhiteTeam "SK Blauer Springer Paderborn 1926"]
[BlackTeam "Delmenhorster SK V 1931"]
[PlyCount "71"]
[WhiteFideId "16214927"]
[BlackFideId "16201361"]
[EventRounds "7"]
[EventType "team-swiss"]
[EventDate "2020.12.29"]

1. e4 {[%emt 0:00:13]} e5 {[%emt 0:00:10]} 2. f4 {[%emt 0:00:02]} exf4 { [%emt
0:00:03]} 3. Nf3 {[%emt 0:00:01]} Nc6 {[%emt 0:00:03]} 4. Bc4 {[%emt 0:00:01]}
Bc5 {[%emt 0:00:06]} 5. d4 {[%emt 0:00:03]} Bb4+ {[%emt 0:00:04]} 6. c3 {[%emt
0:00:01]} Ba5 {[%emt 0:00:02]} 7. Bxf4 {[%emt 0:00:01]} Nge7 {[%emt 0:00:14]}
8. Ng5 {[%emt 0:00:11]} d5 {[%emt 0:00:07]} 9. exd5 {[%emt 0:00:06]} Nxd5
{[%emt 0:00:00]} 10. O-O {[%emt 0:00:03] Paderb1-002 reconnected.} O-O { [%emt
0:00:11]} 11. Qh5 {[%emt 0:00:04]} h6 {[%emt 0:00:05]} 12. Nxf7 {[%emt
0:00:02]} Qf6 {[%emt 0:00:44]} 13. Bxd5 {[%emt 0:00:06]} Rxf7 {[%emt 0:00:03]}
14. Bxf7+ {[%emt 0:00:23]} Qxf7 {[%emt 0:00:00]} 15. Qxf7+ {[%emt 0:00:00]}
Kxf7 {[%emt 0:00:04]} 16. Bxc7+ {[%emt 0:00:02]} Kg8 {[%emt 0:00:02]} 17. Bxa5
{[%emt 0:00:06]} Nxa5 {[%emt 0:00:00]} 18. Nd2 {[%emt 0:00:01]} Be6 {[%emt
0:00:07]} 19. Rae1 {[%emt 0:00:06]} Bxa2 {[%emt 0:00:06]} 20. Ra1 {[%emt
0:00:02] } Nc4 {[%emt 0:00:03]} 21. Rxa2 {[%emt 0:00:11]} Nxd2 {[%emt 0:00:02]}
22. Rfa1 {[%emt 0:00:08]} a6 {[%emt 0:00:16]} 23. b4 {[%emt 0:00:03]} Nc4
{[%emt 0:00:07]} 24. Re2 {[%emt 0:00:03]} Rf8 {[%emt 0:00:10]} 25. Rf1 {[%emt
0:00:04]} Rxf1+ {[%emt 0:00:05]} 26. Kxf1 {[%emt 0:00:00]} Kf7 {[%emt 0:00:02]}
27. Kf2 { [%emt 0:00:02]} Kf6 {[%emt 0:00:03]} 28. Kf3 {[%emt 0:00:01]} Nd6
{[%emt 0:00:03]} 29. Ke3 {[%emt 0:00:03]} g5 {[%emt 0:00:06]} 30. Kd3 {[%emt
0:00:02]} b5 { [%emt 0:00:06]} 31. Ra2 {[%emt 0:00:03]} Kf5 {[%emt 0:00:06]}
32. Rxa6 { [%emt 0:00:02]} Nc4 {[%emt 0:00:01]} 33. Rxh6 {[%emt 0:00:03]} Nb2+
{[%emt 0:00:02]} 34. Ke2 {[%emt 0:00:04]} Na4 {[%emt 0:00:01]} 35. Kf3 {[%emt
0:00:02]} Nxc3 {[%emt 0:00:02]} 36. g4# {[%emt 0:00:02]} 1-0

[Event "DSJ Weihnachtsturnier U20 2020"]
[Site "https://play.chessbase.com/en/play?room=DSJWeihnachtU20"]
[Date "2020.12.29"]
[Round "7"]
[White "Wander, Dennis"]
[Black "Kesselmeier, Kevin"]
[Result "0-1"]
[Termination "normal"]
[Board "15.3"]
[WhiteElo "1595"]
[BlackElo "1927"]
[WhiteTeam "Delmenhorster SK V 1931"]
[BlackTeam "SK Blauer Springer Paderborn 1926"]
[PlyCount "136"]
[WhiteFideId "16276523"]
[BlackFideId "16217551"]
[EventRounds "7"]
[EventType "team-swiss"]
[EventDate "2020.12.29"]

1. e4 {[%emt 0:00:41]} c6 {[%emt 0:01:18]} 2. d4 {[%emt 0:00:06]} d5 {[%emt
0:00:12]} 3. e5 {[%emt 0:00:04]} c5 {[%emt 0:00:08]} 4. c3 {[%emt 0:00:03]} Bf5
{ [%emt 0:00:11]} 5. h4 {[%emt 0:00:02]} h5 {[%emt 0:00:08]} 6. Nf3 {[%emt
0:00:07]} e6 {[%emt 0:00:03]} 7. Bd3 {[%emt 0:00:08]} Bxd3 {[%emt 0:00:05]} 8.
Qxd3 {[%emt 0:00:00]} Nc6 {[%emt 0:00:03]} 9. Bg5 {[%emt 0:00:06]} Be7 {[%emt
0:00:09]} 10. Nbd2 {[%emt 0:00:04]} Rc8 {[%emt 0:00:46]} 11. O-O {[%emt
0:00:07]} Bxg5 {[%emt 0:00:08]} 12. Nxg5 {[%emt 0:00:05]} Nh6 {[%emt 0:00:11]}
13. Ndf3 { [%emt 0:00:07]} Nf5 {[%emt 0:00:27]} 14. Rae1 {[%emt 0:00:23]} Nxh4
{[%emt 0:00:33]} 15. Nxh4 {[%emt 0:00:25]} Qxg5 {[%emt 0:00:04]} 16. Nf3 {[%emt
0:00:04] } Qe7 {[%emt 0:00:21]} 17. Nd2 {[%emt 0:00:06]} h4 {[%emt 0:00:14]}
18. f4 { [%emt 0:00:09]} cxd4 {[%emt 0:00:40]} 19. cxd4 {[%emt 0:00:07]} Qb4
{[%emt 0:00:01]} 20. Nb3 {[%emt 0:00:07]} g6 {[%emt 0:02:08]} 21. a3 {[%emt
0:00:25]} Qc4 {[%emt 0:00:44]} 22. Qxc4 {[%emt 0:00:13]} dxc4 {[%emt 0:00:00]}
23. Nd2 { [%emt 0:00:28]} Nxd4 {[%emt 0:00:17]} 24. Kf2 {[%emt 0:00:12]} c3
{[%emt 0:00:06]} 25. bxc3 {[%emt 0:00:06]} Rxc3 {[%emt 0:00:00]} 26. Rc1 {[%emt
0:00:03]} Rxc1 {[%emt 0:00:19]} 27. Rxc1 {[%emt 0:00:00]} Kd7 {[%emt 0:00:33]}
28. Ne4 { [%emt 0:00:17]} Nc6 {[%emt 0:00:22]} 29. Nf6+ {[%emt 0:00:07]} Ke7
{[%emt 0:00:09]} 30. Rb1 {[%emt 0:00:11]} Rb8 {[%emt 0:00:21]} 31. Ke3 {[%emt
0:00:08]} g5 {[%emt 0:00:08]} 32. fxg5 {[%emt 0:00:15]} Nxe5 {[%emt 0:00:02]}
33. Ke4 { [%emt 0:00:05]} Nc4 {[%emt 0:00:02]} 34. Ra1 {[%emt 0:00:15]} b5
{[%emt 0:00:04]} 35. a4 {[%emt 0:00:03]} b4 {[%emt 0:00:03]} 36. Rc1 {[%emt
0:00:05]} Nd2+ {[%emt 0:00:05]} 37. Kd3 {[%emt 0:00:05]} Nb3 {[%emt 0:00:02]}
38. Rb1 { [%emt 0:00:02]} Nc5+ {[%emt 0:00:02]} 39. Kc4 {[%emt 0:00:02]} Nxa4
{[%emt 0:00:00]} 40. Ra1 {[%emt 0:00:13]} Nb6+ {[%emt 0:00:02]} 41. Kb3 {[%emt
0:00:22]} Rb7 {[%emt 0:00:01]} 42. Rh1 {[%emt 0:00:05]} Nd5 {[%emt 0:00:01]}
43. Nxd5+ { [%emt 0:00:03]} exd5 {[%emt 0:00:00]} 44. Rxh4 {[%emt 0:00:02]} a5
{[%emt 0:00:01]} 45. Rh6 {[%emt 0:00:03]} a4+ {[%emt 0:00:06]} 46. Kxa4 {[%emt
0:00:01]} b3 {[%emt 0:00:00]} 47. Rh1 {[%emt 0:00:05]} b2 {[%emt 0:00:05]} 48.
Rb1 {[%emt 0:00:02]} Ke6 {[%emt 0:00:01]} 49. Ka3 {[%emt 0:00:03]} Kf5 {[%emt
0:00:02]} 50. Rxb2 {[%emt 0:00:04]} Rxb2 {[%emt 0:00:00]} 51. Kxb2 {[%emt
0:00:00]} Kxg5 { [%emt 0:00:01]} 52. Kc3 {[%emt 0:00:01]} Kf5 {[%emt 0:00:02]}
53. Kd3 {[%emt 0:00:01]} Ke5 {[%emt 0:00:02]} 54. Ke3 {[%emt 0:00:04]} f5
{[%emt 0:00:02]} 55. g3 {[%emt 0:00:02]} d4+ {[%emt 0:00:02]} 56. Kd3 {[%emt
0:00:04]} Kd5 {[%emt 0:00:01]} 57. Ke2 {[%emt 0:00:02]} Ke4 {[%emt 0:00:00]}
58. Kf2 {[%emt 0:00:03]} d3 {[%emt 0:00:01]} 59. Ke1 {[%emt 0:00:01]} Ke3
{[%emt 0:00:02]} 60. Kd1 { [%emt 0:00:02]} d2 {[%emt 0:00:01]} 61. Kc2 {[%emt
0:00:08]} Ke2 {[%emt 0:00:03]} 62. g4 {[%emt 0:00:01]} fxg4 {[%emt 0:00:06]}
63. Kb2 {[%emt 0:00:03]} d1=Q {[%emt 0:00:02]} 64. Ka2 {[%emt 0:00:01]} g3
{[%emt 0:00:02]} 65. Kb2 { [%emt 0:00:02]} g2 {[%emt 0:00:00]} 66. Ka2 {[%emt
0:00:01]} g1=Q {[%emt 0:00:04]} 67. Kb2 {[%emt 0:00:00]} Qb6+ {[%emt 0:00:04]}
68. Ka2 {[%emt 0:00:03]} Qa4# {[%emt 0:00:11]} 0-1

[Event "DSJ Weihnachtsturnier U20 2020"]
[Site "https://play.chessbase.com/en/play?room=DSJWeihnachtU20"]
[Date "2020.12.29"]
[Round "7"]
[White "Stirnberg, Noah"]
[Black "Alhamid, Mohamad"]
[Result "1/2-1/2"]
[Termination "normal"]
[Board "15.4"]
[WhiteElo "1869"]
[BlackElo "1664"]
[WhiteTeam "SK Blauer Springer Paderborn 1926"]
[BlackTeam "Delmenhorster SK V 1931"]
[PlyCount "105"]
[WhiteFideId "16207742"]
[BlackFideId "16235665"]
[EventRounds "7"]
[EventType "team-swiss"]
[EventDate "2020.12.29"]

1. e4 {[%emt 0:00:18]} c5 {[%emt 0:00:02]} 2. Nf3 { [%emt 0:00:02]} d6 {[%emt
0:00:01]} 3. d4 {[%emt 0:00:02]} cxd4 {[%emt 0:00:11] } 4. Nxd4 {[%emt
0:00:02]} Nf6 {[%emt 0:00:01]} 5. Nc3 {[%emt 0:00:03]} Nc6 { [%emt 0:00:11]} 6.
Be3 {[%emt 0:00:07]} e5 {[%emt 0:00:08]} 7. Nb3 {[%emt 0:00:06]} a6 {[%emt
0:00:02]} 8. f3 {[%emt 0:00:06]} Be6 {[%emt 0:00:04]} 9. Qd2 { [%emt 0:00:06]}
d5 {[%emt 0:00:16]} 10. exd5 {[%emt 0:00:17]} Nxd5 {[%emt 0:00:04]} 11. Nxd5
{[%emt 0:00:03]} Bxd5 {[%emt 0:00:09]} 12. O-O-O {[%emt 0:00:12]} Bxb3 {[%emt
0:00:27]} 13. axb3 {[%emt 0:00:03]} Qxd2+ {[%emt 0:00:02]} 14. Rxd2 {[%emt
0:00:07]} Bb4 {[%emt 0:00:08]} 15. c3 {[%emt 0:00:03]} Be7 {[%emt 0:00:05]} 16.
Bc4 {[%emt 0:00:07]} O-O {[%emt 0:00:04]} 17. Rhd1 {[%emt 0:00:04]} Rad8 {[%emt
0:00:07]} 18. Bd5 {[%emt 0:00:08]} h6 {[%emt 0:00:10]} 19. b4 { [%emt 0:00:11]}
g5 {[%emt 0:00:34]} 20. h4 {[%emt 0:00:10]} Kg7 {[%emt 0:00:06] } 21. hxg5
{[%emt 0:00:09]} Bxg5 {[%emt 0:01:06]} 22. Bxg5 {[%emt 0:00:06]} hxg5 {[%emt
0:00:00]} 23. Bxc6 {[%emt 0:00:14]} Rxd2 {[%emt 0:00:03]} 24. Rxd2 {[%emt
0:00:03]} bxc6 {[%emt 0:00:01]} 25. Rd6 {[%emt 0:00:02]} Rc8 {[%emt 0:00:02]}
26. g4 {[%emt 0:00:13]} Kf8 {[%emt 0:00:05]} 27. Kd2 {[%emt 0:00:11]} Ke7
{[%emt 0:00:03]} 28. Rd3 {[%emt 0:00:20]} Rh8 {[%emt 0:00:04]} 29. Ke3 { [%emt
0:00:04]} Ke6 {[%emt 0:00:15]} 30. Rd2 {[%emt 0:00:20]} Rh1 {[%emt 0:00:19]}
31. c4 {[%emt 0:00:12]} Rc1 {[%emt 0:00:15]} 32. Kd3 {[%emt 0:00:16]} Rf1
{[%emt 0:00:11]} 33. Ke2 {[%emt 0:00:17]} Rc1 {[%emt 0:00:06]} 34. Kd3 { [%emt
0:00:03]} f5 {[%emt 0:00:17]} 35. Rh2 {[%emt 0:00:22]} fxg4 {[%emt 0:00:09]}
36. fxg4 {[%emt 0:00:03]} Rg1 {[%emt 0:00:02]} 37. Rh6+ {[%emt 0:00:11]} Kd7
{[%emt 0:00:06]} 38. Rh7+ {[%emt 0:00:09]} Kc8 {[%emt 0:00:25]} 39. Re7 { [%emt
0:00:13]} Rg3+ {[%emt 0:00:29]} 40. Ke4 {[%emt 0:00:36]} Rxg4+ {[%emt 0:00:03]}
41. Kxe5 {[%emt 0:00:02]} Rxc4 {[%emt 0:00:04]} 42. Kd6 {[%emt 0:00:05] } g4
{[%emt 0:00:19]} 43. Rg7 {[%emt 0:00:05]} Kb8 {[%emt 0:00:39]} 44. b3 { [%emt
0:00:12]} Rxb4 {[%emt 0:00:04]} 45. Kxc6 {[%emt 0:00:03]} a5 {[%emt 0:00:33]}
46. Rg5 {[%emt 0:00:20]} a4 {[%emt 0:00:15]} 47. bxa4 {[%emt 0:00:06]} Rxa4
{[%emt 0:00:02]} 48. Kb6 {[%emt 0:00:12]} Rb4+ {[%emt 0:00:10]} 49. Kc6 { [%emt
0:00:05]} Ka7 {[%emt 0:00:13]} 50. Ra5+ {[%emt 0:00:05]} Kb8 {[%emt 0:00:06]}
51. Rg5 {[%emt 0:00:01]} Ra4 {[%emt 0:00:19]} 52. Kb6 {[%emt 0:00:04]} Rb4+
{[%emt 0:00:01]} 53. Kc6 {[%emt 0:00:04]} 1/2-1/2